• 首页
  • 本馆介绍
  • 公告通知
  • 最新文献
  • 馆藏检索
  • 电子资源
  • 读者导购
  • 参考咨询
  • 我的图书馆
  • 登录
  • 详细信息显示
  • 放入我的书架
  • 预约/预借图书
  • 作者相关作品
  • 分类相关作品
  • 丛书相关作品
  • 出版社相关作品

书目信息

  • 表格格式
  • 工作单格式
  • 卡片格式
题名:
中国高等医(药)学院校学报发展史
    
 
作者: 黄万武 主编
分册:  
出版信息: 北京   北京医科大学出版社  2000
页数: 485页
开本: 20cm
丛书名:
单 册:
中图分类: G216.3 , G219.29
科图分类:
主题词: 医学院校--自然科学学报--新闻事业史--中国--1897~1999 , 自然科学学报 , 新闻事业史 , 医学院校
电子资源:
ISBN: 7-81071-132-6
000 00886nam0 2200265 45
001 012001009728
005 20070729160623.90
010    @a7-81071-132-6@dCNY35.00
100    @a20010222d2000 em y0chiy0110 ea
101 0  @achi
102    @aCN@b110000
105    @ay z 000yy
200 1  @a中国高等医(药)学院校学报发展史@Azhong guo gao deng yi ( yao ) xue yuan xiao xue bao fa zhan shi@f黄万武主编
210    @a北京@c北京医科大学出版社@d2000
215    @a485页@d20cm
330    @a本书较全面、系统地反映和总结了我国高等医(药)学院校学报1897年至1999年100多年来的萌芽、演变和发展的历史。
606 0  @a医学院校@x自然科学学报@x新闻事业史@y中国@z1897~1999
606 0  @a自然科学学报
606 0  @a新闻事业史
606 0  @a医学院校
690    @aG216.3@v4
690    @aG219.29@v4
701  0 @a黄万武@Ahuang wan wu@4主编
801  0 @aCN@bNLC@c20070729
905    @a10447@dG219.29@e252
    
    中国高等医(药)学院校学报发展史/黄万武主编.-北京:北京医科大学出版社,2000
    485页;20cm
    
    
    ISBN 7-81071-132-6:CNY35.00
    本书较全面、系统地反映和总结了我国高等医(药)学院校学报1897年至1999年100多年来的萌芽、演变和发展的历史。
●
相关链接 在E读中查询图书 在五车中查询图书 在当当中查询图书 在豆瓣中查询图书


正题名:中国高等医(药)学院校学报发展史     索取号:G219.29/252         预约/预借

序号 登录号 条形码 馆藏地/架位号 状态 备注
1 0785011   207850119   第一样本阅览室/ [索取号:G219.29/252] 在馆    
唐山师范学院图书馆 欢迎您!
大连网信软件有限公司© 版权所有